Étendues d'eau bordant la péninsule arabique - Statistiques

Statistiques générales
  • Ce quiz a été pris 5 139 fois
  • Le résultat moyen est 4 sur 8
Réponses sur la Carte
Les réponses sont colorées sur une échelle allant du rouge au vert en fonction du pourcentage des utilisateurs qui les ont devinées à leur premier essai. Vous pouvez retrouver ces pourcentages ci-dessous.
 
Statistiques - réponses
Étendues d'eau % Correct
Détroit d'{Ormuz}
94%
Mer {Rouge}
89%
Mer d'{Arabie}
73%
Golfe {Persique}
66%
Golfe d'{Oman}
52%
Golfe d'{Aden}
32%
Détroit de {Bab-el-Mandeb}
28%
Golfe d'{Aqaba}
15%
Aucun quiz correspondant
Distribution des résultats
% des personnes avec chaque résultat
Percentile par nombre de réponses
Votre historique - résultats
Vous n’avez pas pris ce quiz